MARC

LEADER 00000nam0a2200000 4500
001 350746
005 20231102010331.0
035 |a (RuTPU)RU\TPU\retro\5027 
090 |a 350746 
100 |a 20190227d1934 m y0rusy50 ca 
101 0 |a rus 
102 |a RU 
105 |a a j 001zy 
200 1 |a Трансформаторы  |e [учебник для втузов]  |f Л. М. Пиотровский  |g Ленинградский индустриальный институт (ЛИИ) 
210 |a Ленинград  |c КУБУЧ  |d 1934 
215 |a 436 с.  |c ил. 
317 |5 63413507: КР-6097  |a Поступил в НТБ в 1987 г. в дар от вдовы ученого Е. К. Завадовской 
320 |a Библиогр.: с. 424-426 
320 |a Условные символы: с. 427-432 
606 1 |a Трансформаторы  |2 stltpush  |3 (RuTPU)RU\TPU\subj\61401  |9 78593 
610 1 |a холостой ход 
610 1 |a работа под нагрузкой 
610 1 |a короткое замыкание 
610 1 |a потери 
610 1 |a рассеяние 
610 1 |a трансформация 
610 1 |a трехфазные трансформаторы 
610 1 |a переходные режимы 
610 1 |a расчет 
610 1 |a учебники 
610 1 |a библиотека А. А. Воробьева 
675 |a 621.314.21(075.8)  |v 4 
700 1 |a Пиотровский  |b Л. М.  |g Людвиг Марианович 
712 0 2 |a Ленинградский индустриальный институт (ЛИИ)  |c (1934-1940)  |2 stltpush  |3 (RuTPU)RU\TPU\col\16262 
801 1 |a RU  |b 63413507  |c 20190227 
801 2 |a RU  |b 63413507  |c 20190429  |g RCR 
942 |c BK